000 01090nam a2200241Ia 4500
003 Ost
005 20260416102354.0
008 260416s9999||||xx |||||||||||||| ||und||
040 _cfsecg
041 _aara
082 _a343.04
100 _aايدروج، جمال
_eمؤلف
245 0 _aمحاضرات في القانون الجبائي /
_cجمال ايدروج
260 _aالجزائر
_bجامعة الجزائر3: كلية العلوم الإقتصادية، العلوم التجارية وعلوم التسيير
_c2019
300 _a105 ورقة
_c30 سم
504 _aمراجع ص.103
520 _aمدخل للقانون، أساسيات حول القانون الجبائي، عموميات حول الضرائب، التنظيم الفني للضرائب.
653 _aالضرائب
653 _aالضرائب-قوانين وتشريعات
653 _aالقانون
710 _aجامعة الجزائر3: كلية العلوم الإقتصادية، العلوم التجارية وعلوم التسيير
_eناشر علمي
942 _cHANDOUT
999 _c41147
_d41147